000 00390nas a2200157 a 4500
001 67135
003 140243
005 20201118110414.0
008 ||||||n9999 ||| || ||
041 _aspa
245 0 _aAlcalde Siglo XXI - No.3
260 _aBogotá :
_bPolitica y Medios Investigaciones Ltda.,
_c1991.
562 _e1
773 _017384
_aAlcalde Siglo XXI
942 _cSISS
999 _c67135
_d67135